[Event "Turkey Cup 2019"]
[Site "Belek"]
[Date "2019.01.28"]
[Round "2.50"]
[White "Bilgin, Murat Evrensel"]
[Black "Arslanargun, Zana"]
[Result "1-0"]
[WhiteElo "1898"]
[BlackElo "1773"]
[Annotator "NA"]
[PlyCount "95"]
[EventDate "2019.01.27"]
[EventType "swiss"]
[EventCountry "TUR"]
[SourceTitle "playchess.com"]
[Source "ChessBase"]
[SourceQuality "1"]

1. Nf3 d5 2. c4 d4 3. b4 g6 4. Bb2 Bg7 5. e3 e5 6. exd4 exd4 7. d3 Ne7 8. Be2 O-O 9. Nbd2 Bg4 10. h3 Bxf3 11. Bxf3 c6 12. Nb3 Nf5 13. O-O Nh4 14. b5 a6 15. bxc6 Nxf3+ 16. Qxf3 Nxc6 17. Rfe1 Re8 18. Rxe8+ Qxe8 19. Kf1 Qe7 20. Re1 Qb4 21. Qd1 a5 22. a3 Qd6 23. g3 h5 24. Qf3 Rd8 25. Qe4 b6 26. Nd2 Qd7 27. Kg2 Kf8 28. Qf4 Qd6 29. Qxd6+ Rxd6 30. Nf3 Re6 31. Rxe6 fxe6 32. Ng5 Ke7 33. Kf3 Bh6 34. h4 Bxg5 35. hxg5 e5 36. g4 hxg4+ 37. Kxg4 Ke6 38. f4 a4 39. Bc1 exf4 40. Kxf4 Kd6 41. Ke4 Kc5 42. Bb2 b5 43. cxb5 Ne7 44. Bxd4+ Kxb5 45. Bf6 Nf5 46. Kd5 Ne3+ 47. Ke6 Nc2 48. d4 1-0

[Event "Turkey Cup 2019"]
[Site "Belek"]
[Date "2019.01.28"]
[Round "2.51"]
[White "Baspinar, Mehmet"]
[Black "Makaraci, Tunahan"]
[Result "0-1"]
[WhiteElo "1558"]
[BlackElo "1915"]
[Annotator "NA"]
[PlyCount "100"]
[EventDate "2019.01.27"]
[EventType "swiss"]
[EventCountry "TUR"]
[SourceTitle "playchess.com"]
[Source "ChessBase"]
[SourceQuality "1"]

1. d4 Nf6 2. Nf3 d5 3. e3 c5 4. b3 Nc6 5. Bb2 cxd4 6. exd4 g6 7. Ne5 Bg7 8. Nd2 O-O 9. Be2 Be6 10. O-O Rc8 11. c4 Nxe5 12. cxd5 Nxd5 13. dxe5 Nc3 14. Bxc3 Rxc3 15. Ne4 Rc8 16. Ng5 Bd5 17. Bf3 Bxf3 18. Qxd8 Rfxd8 19. Nxf3 Rd5 20. Rfd1 Bxe5 21. Rxd5 Bxa1 22. Rd1 Bb2 23. Kf1 Rc1 24. Rxc1 Bxc1 25. Ke2 f6 26. Kd3 Kf7 27. Ke4 e6 28. Nd4 Ke7 29. f4 Bxf4 30. Kxf4 e5+ 31. Ke4 exd4 32. Kxd4 Kd6 33. a3 f5 34. Ke3 Ke5 35. h4 h6 36. Kf3 g5 37. Kg3 Ke4 38. h5 Kd3 39. Kf3 Kc3 40. Ke3 Kxb3 41. Kd4 Kxa3 42. Ke5 b5 43. Kxf5 b4 44. Kg6 b3 45. Kxh6 b2 46. Kxg5 b1=Q 47. g4 Qh7 48. h6 Kb4 49. Kh5 a5 50. g5 Qf5 0-1

[Event "Turkey Cup 2019"]
[Site "Belek"]
[Date "2019.01.28"]
[Round "2.52"]
[White "Kirali, Mehmet"]
[Black "Sabahi, Cem"]
[Result "1-0"]
[WhiteElo "1890"]
[BlackElo "1642"]
[Annotator "NA"]
[PlyCount "60"]
[EventDate "2019.01.27"]
[EventType "swiss"]
[EventCountry "TUR"]
[SourceTitle "playchess.com"]
[Source "ChessBase"]
[SourceQuality "1"]

1. d4 g6 2. Nf3 Bg7 3. c4 d6 4. e4 Nd7 5. Nc3 e5 6. Be3 a5 7. Be2 Ngf6 8. O-O O-O 9. Qc2 h6 10. Rad1 Ng4 11. Bc1 exd4 12. Nxd4 Nc5 13. h3 Ne5 14. f4 Ned7 15. Bf3 Re8 16. Be3 Nb6 17. Nb3 Qe7 18. Nxc5 dxc5 19. Nd5 Nxd5 20. cxd5 b6 21. Rfe1 Bb7 22. e5 Rad8 23. Bf2 f5 24. Qb3 Kh7 25. Kh2 Qd7 26. g4 Qf7 27. Bg3 fxg4 28. hxg4 Rf8 29. f5 Kh8 30. f6 Qxf6 1-0

[Event "Turkey Cup 2019"]
[Site "Belek"]
[Date "2019.01.28"]
[Round "2.53"]
[White "Araboga, Mesut"]
[Black "Demirag, Batuhan"]
[Result "0-1"]
[WhiteElo "1697"]
[BlackElo "1906"]
[Annotator "NA"]
[PlyCount "52"]
[EventDate "2019.01.27"]
[EventType "swiss"]
[EventCountry "TUR"]
[SourceTitle "playchess.com"]
[Source "ChessBase"]
[SourceQuality "1"]

1. d4 Nf6 2. c4 e6 3. Nf3 b6 4. a3 Bb7 5. Bf4 d5 6. e3 Bd6 7. Bg3 O-O 8. Nc3 Ne4 9. Bd3 Nd7 10. Nb5 Bxg3 11. hxg3 c5 12. Nd2 f5 13. f3 Nxd2 14. Qxd2 Nf6 15. Rh3 a6 16. Nc3 Rc8 17. b3 Qd6 18. cxd5 cxd4 19. exd4 Nxd5 20. Ne2 e5 21. Kf2 e4 22. Bxe4 fxe4 23. Qg5 exf3 24. gxf3 Nc3 25. Rah1 Rxf3+ 26. Ke1 Re8 0-1

[Event "Turkey Cup 2019"]
[Site "Belek"]
[Date "2019.01.28"]
[Round "2.54"]
[White "Kilic, Gokturk Kagan"]
[Black "Vursan, Emre Can"]
[Result "1-0"]
[WhiteElo "2000"]
[BlackElo "1678"]
[Annotator "NA RC"]
[PlyCount "121"]
[EventDate "2019.01.27"]
[EventType "swiss"]
[EventCountry "TUR"]
[SourceTitle "playchess.com"]
[Source "ChessBase"]
[SourceQuality "1"]

1. e4 e5 2. Nf3 Nc6 3. d4 exd4 4. Nxd4 g6 5. Nc3 Bg7 6. Be3 Nf6 7. Nxc6 bxc6 8. Bc4 Qe7 9. Qf3 O-O 10. O-O d6 11. h3 Nd7 12. Rfe1 Ne5 13. Qe2 Nxc4 14. Qxc4 Qe8 15. Rab1 Be6 16. Qa6 f5 17. exf5 Rxf5 18. Ne2 Rf7 19. Nd4 Bd5 20. c4 Be4 21. Rbd1 Qd7 22. b4 Rb8 23. a3 Rb6 24. Qa4 c5 25. Qxd7 Rxd7 26. bxc5 dxc5 27. Nb5 Rxd1 28. Rxd1 Bd4 29. Nxd4 cxd4 30. Rxd4 Rb1+ 31. Kh2 Bf5 32. Rd8+ Kf7 33. Bxa7 Ra1 34. Rb8 Rxa3 35. Rb7 h5 36. Rxc7+ Ke6 37. Be3 Be4 38. Rc5 Ra6 39. Rg5 Bf5 40. g4 hxg4 41. hxg4 Be4 42. Kg3 Ra4 43. c5 Kf6 44. f4 Rc4 45. Re5 Bb1 46. Rd5 Be4 47. Rd6+ Kf7 48. Kh4 Rc2 49. Kg5 Bf3 50. Rf6+ Ke7 51. Rxg6 Rg2 52. Kh4 Re2 53. Bd4 Rc2 54. f5 Rc4 55. Rd6 Rc2 56. f6+ Kf7 57. Rd7+ Kf8 58. Be5 Bd5 59. Rxd5 Kf7 60. Rd7+ Kg6 61. Rg7+ 1-0

[Event "Turkey Cup 2019"]
[Site "Belek"]
[Date "2019.01.28"]
[Round "2.55"]
[White "Uregen, Rafet"]
[Black "Demircin, Kasim"]
[Result "0-1"]
[WhiteElo "1633"]
[BlackElo "1878"]
[Annotator "NA"]
[PlyCount "130"]
[EventDate "2019.01.27"]
[EventType "swiss"]
[EventCountry "TUR"]
[SourceTitle "playchess.com"]
[Source "ChessBase"]
[SourceQuality "1"]

1. e4 c6 2. d4 d5 3. Nc3 dxe4 4. Nxe4 Nd7 5. Ng5 Ngf6 6. c3 e6 7. Bd3 h6 8. N5f3 Bd6 9. Ne2 Qc7 10. Ng3 c5 11. c4 O-O 12. O-O cxd4 13. Nxd4 a6 14. b3 b6 15. Qe2 Bb7 16. Bb2 Rfe8 17. Rad1 Rad8 18. Bb1 Qb8 19. Rfe1 Bb4 20. Rf1 Qf4 21. a3 Bd6 22. Qc2 Nf8 23. Rfe1 Bc5 24. Qd2 Qh4 25. Re5 g6 26. h3 Bd6 27. Ree1 Bxg3 28. fxg3 Qxg3 29. Qf2 Qxf2+ 30. Kxf2 N8h7 31. Nf3 b5 32. Be5 Rc8 33. Rd4 Bc6 34. Bxf6 Nxf6 35. Ne5 bxc4 36. bxc4 Ba4 37. Kg1 Rc5 38. Nd3 Rc7 39. Rf1 Nh5 40. g4 Ng3 41. Rf2 e5 42. Rd5 e4 43. Kg2 exd3 44. Kxg3 Re3+ 45. Kh2 Rxc4 46. Bxd3 Rc3 47. Bf1 Rxa3 48. Ra5 Bb5 49. Rxa3 Rxa3 50. Bg2 Rd3 51. Rf6 Rd2 52. Kg3 Kg7 53. Rb6 Kf8 54. Bb7 Rd3+ 55. Kh2 Ra3 56. Bd5 Be8 57. Rb8 Ke7 58. Rb7+ Kf6 59. Rb8 Ra5 60. Bc4 Bb5 61. Rb6+ Kg7 62. Bb3 Ra3 63. Bd5 Ra5 64. Bb3 Be8 65. Rb8 Rb5 0-1

[Event "Turkey Cup 2019"]
[Site "Belek"]
[Date "2019.01.28"]
[Round "2.56"]
[White "Ozata, Doruk"]
[Black "Aysoy, Veysi"]
[Result "0-1"]
[WhiteElo "1778"]
[BlackElo "1933"]
[Annotator "NA"]
[PlyCount "82"]
[EventDate "2019.01.27"]
[EventType "swiss"]
[EventCountry "TUR"]
[SourceTitle "playchess.com"]
[Source "ChessBase"]
[SourceQuality "1"]

1. e4 d5 2. exd5 Nf6 3. Nf3 Nxd5 4. d4 g6 5. c4 Nb6 6. Nc3 Bg7 7. c5 N6d7 8. Bc4 O-O 9. O-O b6 10. cxb6 Nxb6 11. Bb3 Nc6 12. d5 Na5 13. Bg5 h6 14. Bh4 Nxb3 15. Qxb3 g5 16. Bg3 Ba6 17. Rfe1 Bc4 18. Qb4 e6 19. dxe6 Bxe6 20. Rad1 Qc8 21. Ne5 Re8 22. f4 c5 23. Qe4 Bg4 24. Rd6 f6 25. Rxb6 axb6 26. Nd5 fxe5 27. Nxb6 Qf5 28. Nxa8 Qxe4 29. Rxe4 Rxa8 30. fxg5 Bf5 31. Re2 hxg5 32. Bf2 c4 33. a3 Bd3 34. Rd2 e4 35. Be3 Rf8 36. g3 g4 37. Kg2 Rf3 38. Bc5 e3 39. Rd1 e2 40. Re1 Rf1 41. Bb4 Be4# 0-1

[Event "Turkey Cup 2019"]
[Site "Belek"]
[Date "2019.01.28"]
[Round "2.57"]
[White "Ersoy, Emre"]
[Black "Atas, Yunus"]
[Result "0-1"]
[WhiteElo "1591"]
[BlackElo "1872"]
[Annotator "NA"]
[PlyCount "102"]
[EventDate "2019.01.27"]
[EventType "swiss"]
[EventCountry "TUR"]
[SourceTitle "playchess.com"]
[Source "ChessBase"]
[SourceQuality "1"]

1. e4 c6 2. d4 d5 3. exd5 cxd5 4. Bd3 Nc6 5. c3 Nf6 6. Bf4 g6 7. Nf3 Bg7 8. Nbd2 O-O 9. O-O Bf5 10. Bxf5 gxf5 11. Ne5 Rc8 12. Re1 Ne4 13. Ndf3 e6 14. Qc1 b5 15. Bh6 Nxe5 16. Nxe5 Qh4 17. Bxg7 Qxf2+ 18. Kh1 Kxg7 19. Nf3 h6 20. Rf1 Qe2 21. Re1 Qc4 22. Ne5 Qc7 23. Nd3 Kh7 24. Re3 Rg8 25. Rh3 Rg6 26. Qe3 Nf6 27. Nf4 Ng4 28. Qd2 Rg5 29. Rf1 Rcg8 30. Rff3 Qc4 31. b3 Qc7 32. Rfg3 Qe7 33. Nh5 a5 34. Qf4 R5g6 35. Qd2 a4 36. b4 Rg5 37. Nf4 Qd6 38. Nh5 Qd8 39. Qf4 R5g6 40. Qd2 Qc7 41. Nf4 Rg5 42. Nh5 Kg6 43. Nf4+ Kf6 44. Nh5+ Ke7 45. Nf4 Nf6 46. Rxg5 hxg5 47. Nd3 Ne4 48. Qe2 Qxc3 49. g3 Qxd3 50. Qxd3 Nf2+ 51. Kg2 Nxd3 0-1

[Event "Turkey Cup 2019"]
[Site "Belek"]
[Date "2019.01.28"]
[Round "2.58"]
[White "Karakurt, Fahri"]
[Black "Kurt, Emre"]
[Result "1-0"]
[WhiteElo "1914"]
[BlackElo "1677"]
[Annotator "NA"]
[PlyCount "83"]
[EventDate "2019.01.27"]
[EventType "swiss"]
[EventCountry "TUR"]
[SourceTitle "playchess.com"]
[Source "ChessBase"]
[SourceQuality "1"]

1. d4 d5 2. c4 c6 3. Nc3 Nf6 4. e3 e6 5. Nf3 Nbd7 6. Qc2 Bd6 7. Bd3 a6 8. a4 dxc4 9. Bxc4 e5 10. O-O O-O 11. h3 exd4 12. exd4 h6 13. Qg6 Kh8 14. Bxf7 Qe7 15. Bb3 Qe8 16. Nh4 Qxg6 17. Nxg6+ Kh7 18. Nxf8+ Nxf8 19. Bc2+ Kg8 20. Ne4 Nxe4 21. Bxe4 Be6 22. Be3 Nd7 23. f4 Nf6 24. Bg6 Bf7 25. f5 Re8 26. Bf4 Bb4 27. Rad1 Re4 28. Bd2 Bd6 29. Bc3 Bc4 30. Rfe1 Bg3 31. Rxe4 Nxe4 32. Be1 Bf4 33. Bf2 Kf8 34. Re1 Bd5 35. Bh4 Bd6 36. Bh5 b5 37. axb5 axb5 38. Bf3 Nf6 39. Bxf6 gxf6 40. Bxd5 cxd5 41. Re6 Be7 42. Rb6 1-0

[Event "Turkey Cup 2019"]
[Site "Belek"]
[Date "2019.01.28"]
[Round "2.59"]
[White "Kiray, Tuncer Efe"]
[Black "Hatipli, Mehmet"]
[Result "1/2-1/2"]
[WhiteElo "1556"]
[BlackElo "1888"]
[Annotator "NA"]
[PlyCount "73"]
[EventDate "2019.01.27"]
[EventType "swiss"]
[EventCountry "TUR"]
[SourceTitle "playchess.com"]
[Source "ChessBase"]
[SourceQuality "1"]

1. e4 c5 2. d4 cxd4 3. c3 d3 4. Bxd3 Nc6 5. Nf3 d6 6. Bf4 Nf6 7. O-O e5 8. Bg5 Be7 9. Qe2 O-O 10. Rd1 Qc7 11. Na3 a6 12. Nc4 Be6 13. Ne3 Rfe8 14. Qc2 h6 15. Bxf6 Bxf6 16. Rd2 Rac8 17. Rad1 Na5 18. Qb1 Be7 19. Be2 b5 20. Nd5 Bxd5 21. Rxd5 g6 22. h3 Qb6 23. g3 h5 24. h4 Rc6 25. Ne1 Nc4 26. Bxc4 Rxc4 27. Ng2 Bf8 28. Ne3 Rc6 29. Qd3 Re6 30. Nc2 Rf6 31. Qe3 Qb7 32. Nb4 Rc4 33. b3 Rc5 34. Rxc5 dxc5 35. Nd5 Re6 36. Qg5 Kg7 37. Qd8 1/2-1/2

[Event "Turkey Cup 2019"]
[Site "Belek"]
[Date "2019.01.28"]
[Round "2.60"]
[White "Yaylali, Adnan Dogan"]
[Black "Yanikoglu, Omer"]
[Result "1-0"]
[WhiteElo "1927"]
[BlackElo "1664"]
[Annotator "NA"]
[PlyCount "49"]
[EventDate "2019.01.27"]
[EventType "swiss"]
[EventCountry "TUR"]
[SourceTitle "playchess.com"]
[Source "ChessBase"]
[SourceQuality "1"]

1. d4 d5 2. c4 e6 3. Nc3 Nf6 4. cxd5 exd5 5. Bg5 Nbd7 6. e3 Be7 7. Bd3 h6 8. Bh4 c6 9. Qc2 O-O 10. Nge2 Re8 11. f3 c5 12. O-O cxd4 13. Nxd4 a6 14. Nf5 Nb6 15. Nxe7+ Qxe7 16. Rfe1 g5 17. Bf2 Qd6 18. e4 dxe4 19. Nxe4 Nxe4 20. Bxe4 Rxe4 21. Qxe4 Nd7 22. Rad1 Qc6 23. Qxc6 bxc6 24. Re8+ Kg7 25. Rxd7 1-0

[Event "Turkey Cup 2019"]
[Site "Belek"]
[Date "2019.01.28"]
[Round "2.61"]
[White "Turkmen, Musa"]
[Black "Degirmenci, Yagiz"]
[Result "0-1"]
[WhiteElo "1393"]
[BlackElo "1872"]
[Annotator "NA"]
[PlyCount "116"]
[EventDate "2019.01.27"]
[EventType "swiss"]
[EventCountry "TUR"]
[SourceTitle "playchess.com"]
[Source "ChessBase"]
[SourceQuality "1"]

1. e4 b6 2. d4 Bb7 3. Nc3 e6 4. a3 Be7 5. Nf3 Nf6 6. Bd3 d5 7. e5 Nfd7 8. Ne2 c5 9. c4 cxd4 10. Nexd4 Nc5 11. b4 Nxd3+ 12. Qxd3 O-O 13. O-O Nc6 14. Nxc6 Bxc6 15. Nd4 Bb7 16. Be3 dxc4 17. Qxc4 Rc8 18. Qe2 Qd5 19. Nf3 Qe4 20. Rfd1 Rc2 21. Qd3 Qg4 22. Ne1 Rcc8 23. Qd4 Qh5 24. Rac1 Rcd8 25. Qa1 Rxd1 26. Rxd1 Bd5 27. Rc1 Bd8 28. b5 f5 29. f4 Qe2 30. Qc3 Qxb5 31. Qd3 Qa4 32. Nf3 Be7 33. Rc3 Rd8 34. Qd4 Qa6 35. Qd3 Qb7 36. Qe2 Rc8 37. Rxc8+ Qxc8 38. Qb2 Qc4 39. Kf2 Qd3 40. Bc1 Bc5+ 41. Kg3 h6 42. Qd2 Qb5 43. Nd4 Qa4 44. Nxf5 Qb3+ 45. Ne3 Bxa3 46. Bxa3 Qxa3 47. Kf2 Qc5 48. Kg3 a5 49. f5 a4 50. f6 a3 51. Qd3 a2 52. Nc2 Qc7 53. Kf4 gxf6 54. Qg6+ Qg7 55. Qxg7+ Kxg7 56. exf6+ Kxf6 57. g4 b5 58. h4 b4 0-1

[Event "Turkey Cup 2019"]
[Site "Belek"]
[Date "2019.01.28"]
[Round "2.62"]
[White "Oztekin, Kerem Can"]
[Black "Caglar, Mehmet Halil"]
[Result "0-1"]
[WhiteElo "1940"]
[BlackElo "1666"]
[Annotator "NA"]
[PlyCount "67"]
[EventDate "2019.01.27"]
[EventType "swiss"]
[EventCountry "TUR"]
[SourceTitle "playchess.com"]
[Source "ChessBase"]
[SourceQuality "1"]

1. e4 g6 2. d4 Bg7 3. f4 d5 4. e5 c5 5. dxc5 Qa5+ 6. Nc3 e6 7. Be3 Nh6 8. Nf3 O-O 9. Qd2 Nc6 10. Nb5 Qd8 11. Be2 f6 12. exf6 Qxf6 13. Nbd4 Ng4 14. Bg1 Qxf4 15. Qxf4 Rxf4 16. O-O-O a6 17. h3 Nh6 18. Bh2 Rxd4 19. Nxd4 Nxd4 20. Bd3 e5 21. c3 Nc6 22. g4 Be6 23. Rhf1 d4 24. cxd4 exd4 25. a3 Nf7 26. b4 Nfe5 27. Be4 Nc4 28. Rde1 Bh6+ 29. Bf4 Bxf4+ 30. Rxf4 N6e5 31. Bb1 Rd8 32. Kd1 Ne3+ 33. Kd2 N5c4+ 34. Kd3 0-1

[Event "Turkey Cup 2019"]
[Site "Belek"]
[Date "2019.01.28"]
[Round "2.63"]
[White "Sahin, Fehim"]
[Black "Canbulan, Arda"]
[Result "1/2-1/2"]
[WhiteElo "1555"]
[BlackElo "1884"]
[Annotator "NA"]
[PlyCount "122"]
[EventDate "2019.01.27"]
[EventType "swiss"]
[EventCountry "TUR"]
[SourceTitle "playchess.com"]
[Source "ChessBase"]
[SourceQuality "1"]

1. d4 Nf6 2. c4 e5 3. e3 exd4 4. exd4 Bb4+ 5. Bd2 Qe7+ 6. Qe2 O-O 7. Qxe7 Bxe7 8. Bd3 d5 9. c5 b6 10. cxb6 axb6 11. Ne2 Ba6 12. Bxa6 Nxa6 13. O-O Ne4 14. f3 Nxd2 15. Nxd2 Bf6 16. Nb3 c5 17. a3 Rfe8 18. Kf2 c4 19. Nbc1 Nb4 20. Rd1 Re7 21. Rd2 Nc6 22. Na2 Na5 23. Rad1 Nb3 24. Rc2 Kf8 25. Nb4 Rd7 26. Rc3 Re8 27. Re3 Re6 28. Rxe6 fxe6 29. Ke3 e5 30. dxe5 Bxe5 31. Rxd5 Re7 32. Kf2 Bxb2 33. Rd6 b5 34. Nd5 Bxa3 35. Rd8+ Re8 36. Rxe8+ Kxe8 37. Nc7+ Kd7 38. Nxb5 Bc5+ 39. Ke1 Kc6 40. Nbc3 Bb4 41. Kd1 Kc5 42. Ne4+ Kd5 43. Kc2 h6 44. N4c3+ Ke5 45. f4+ Kf5 46. h3 Bc5 47. g4+ Ke6 48. Nb5 Kd5 49. Nbc3+ Ke6 50. Nb5 Be3 51. Kc3 Kd5 52. Nc7+ Ke4 53. f5 Kf3 54. Kxc4 Nd2+ 55. Kd3 Ne4 56. Nd4+ Bxd4 57. Kxd4 Ng5 58. Ne6 Nxh3 59. Nxg7 Kxg4 60. f6 Ng5 61. Ke5 h5 1/2-1/2

[Event "Turkey Cup 2019"]
[Site "Belek"]
[Date "2019.01.28"]
[Round "2.65"]
[White "Eren, Alper"]
[Black "Onbasi, Irem"]
[Result "1/2-1/2"]
[WhiteElo "1919"]
[BlackElo "1439"]
[Annotator "NA"]
[PlyCount "113"]
[EventDate "2019.01.27"]
[EventType "swiss"]
[EventCountry "TUR"]
[SourceTitle "playchess.com"]
[Source "ChessBase"]
[SourceQuality "1"]

1. e4 e6 2. d4 d5 3. Nc3 Nf6 4. Bg5 Be7 5. e5 Nfd7 6. h4 a6 7. Qg4 h5 8. Qg3 g6 9. O-O-O c5 10. Nf3 Nc6 11. dxc5 Nxc5 12. Bxe7 Qxe7 13. Ng5 Bd7 14. Qf4 Rc8 15. Kb1 Qf8 16. Be2 Qg7 17. Bf3 O-O 18. Rhe1 b5 19. a3 Rb8 20. b4 Na4 21. Nxa4 bxa4 22. c3 Rfc8 23. Ka2 Na7 24. Re3 Nb5 25. Kb2 Rc4 26. Qg3 Rbc8 27. Be2 Nxc3 28. Rd2 Nxe2 29. Rdxe2 Qf8 30. Rf3 Be8 31. Nxe6 Qe7 32. Nc5 a5 33. Rc3 Qxh4 34. Qxh4 Rxh4 35. Nd3 Rxc3 36. Kxc3 axb4+ 37. Nxb4 Rc4+ 38. Kb2 Bc6 39. Rc2 Rxc2+ 40. Kxc2 Bb7 41. Kd3 Kf8 42. Kd4 Ke7 43. Nxd5+ Bxd5 44. Kxd5 g5 45. f3 f5 46. exf6+ Kxf6 47. Ke4 Ke6 48. g3 Kf6 49. f4 gxf4 50. Kxf4 Kg6 51. Ke4 Kg5 52. Kf3 Kf5 53. Kg2 Ke4 54. Kh3 Kf3 55. Kh2 Kf2 56. Kh3 Kf3 57. Kh2 1/2-1/2

[Event "Turkey Cup 2019"]
[Site "Belek"]
[Date "2019.01.28"]
[Round "2.67"]
[White "Aslan, Onat Ugur"]
[Black "Sari, Engin"]
[Result "1-0"]
[WhiteElo "1812"]
[BlackElo "1480"]
[Annotator "NA"]
[PlyCount "79"]
[EventDate "2019.01.27"]
[EventType "swiss"]
[EventCountry "TUR"]
[SourceTitle "playchess.com"]
[Source "ChessBase"]
[SourceQuality "1"]

1. d4 Nf6 2. Bg5 d5 3. e3 Bf5 4. Bd3 Bxd3 5. Qxd3 c6 6. Nd2 Nbd7 7. Ngf3 e6 8. Ne5 Be7 9. f4 O-O 10. O-O-O c5 11. c3 Nxe5 12. dxe5 Nd7 13. Bxe7 Qxe7 14. e4 Nb6 15. exd5 exd5 16. Nf3 f6 17. Rde1 Rfd8 18. g4 d4 19. c4 Qe6 20. exf6 Qxc4+ 21. Qxc4+ Nxc4 22. fxg7 Ne3 23. Ng5 Rd6 24. f5 Kxg7 25. Rhg1 h6 26. Ne4 Rd5 27. h4 Re8 28. Ng3 c4 29. Nh5+ Kf7 30. Nf4 Ra5 31. a3 c3 32. Ne6 cxb2+ 33. Kxb2 Rb5+ 34. Ka2 Rc8 35. Nxd4 Re5 36. g5 Rc4 37. g6+ Kg8 38. Nf3 Ree4 39. f6 Ng4 40. Rxg4 1-0

[Event "Turkey Cup 2019"]
[Site "Belek"]
[Date "2019.01.28"]
[Round "2.68"]
[White "Bilgin, Kaan Bora"]
[Black "Sade, Defne"]
[Result "0-1"]
[WhiteElo "1277"]
[BlackElo "1952"]
[Annotator "NA"]
[PlyCount "100"]
[EventDate "2019.01.27"]
[EventType "swiss"]
[EventCountry "TUR"]
[SourceTitle "playchess.com"]
[Source "ChessBase"]
[SourceQuality "1"]

1. e4 e5 2. Nf3 Nc6 3. Bc4 Bc5 4. c3 Nf6 5. d3 d6 6. O-O a6 7. a4 Ba7 8. Re1 h6 9. Nbd2 O-O 10. Nf1 Be6 11. Bxe6 fxe6 12. d4 Qe8 13. dxe5 dxe5 14. Qb3 Rb8 15. Ng3 Kh7 16. h3 Qg6 17. Qc4 Qxg3 18. Be3 Bxe3 19. Rxe3 Qg6 20. Qxe6 Rbe8 21. Qb3 b6 22. Qc4 Nh5 23. Nh4 Qe6 24. Qxa6 Qf6 25. Nf3 Nf4 26. b4 Qg6 27. Qf1 Nxh3+ 28. Kh2 Ng5 29. Nxg5+ Qxg5 30. a5 bxa5 31. Rg3 Qh4+ 32. Kg1 Qxg3 33. fxg3 Rxf1+ 34. Rxf1 axb4 35. cxb4 Nxb4 36. Rf7 c6 37. Rb7 Nd3 38. Rb6 Rc8 39. Rb3 Nc5 40. Rc3 Nxe4 41. Re3 Ng5 42. Rxe5 c5 43. Re1 c4 44. Rc1 c3 45. Kf2 Ne4+ 46. Kf3 Ng5+ 47. Ke2 c2 48. Kd3 Kg6 49. Rxc2 Rxc2 50. Kxc2 Kf5 0-1

[Event "Turkey Cup 2019"]
[Site "Belek"]
[Date "2019.01.28"]
[Round "2.69"]
[White "Hereklioglu, Sude"]
[Black "Bulut, Nazim"]
[Result "1/2-1/2"]
[WhiteElo "1951"]
[BlackElo "1496"]
[Annotator "NA"]
[PlyCount "125"]
[EventDate "2019.01.27"]
[EventType "swiss"]
[EventCountry "TUR"]
[SourceTitle "playchess.com"]
[Source "ChessBase"]
[SourceQuality "1"]

1. Nf3 Nc6 2. d4 d5 3. Bf4 Bf5 4. c3 Nf6 5. e3 e6 6. Bb5 Bd6 7. Qa4 O-O 8. Nbd2 Ne7 9. Ne5 c6 10. Be2 Ng6 11. Bg3 Qc7 12. f4 Ne4 13. Nxe4 Bxe4 14. Bf3 Bf5 15. O-O f6 16. Nxg6 Bxg6 17. Rae1 Bd3 18. Be2 Be4 19. c4 f5 20. b4 b6 21. Rc1 Kh8 22. Qb3 a5 23. c5 bxc5 24. bxc5 Be7 25. Bd3 Rfb8 26. Qc3 Bxd3 27. Qxd3 Bf6 28. Be1 h6 29. Bc3 a4 30. Qc2 Qa7 31. Rb1 Qa6 32. Rb4 Rxb4 33. Bxb4 Qb5 34. Rb1 Rb8 35. Rb2 Qa6 36. Kf2 Rb5 37. Ke1 Rb7 38. Qe2 Qa8 39. Bc3 Rxb2 40. Qxb2 Qa6 41. Qb4 Kh7 42. Bd2 Kg6 43. Qb6 Qa8 44. Qa5 Qxa5 45. Bxa5 Kf7 46. Kd2 Ke8 47. Kc3 Kd7 48. Kb4 Kc8 49. Kxa4 Kb7 50. Be1 Ka6 51. Kb4 Bd8 52. Kb3 h5 53. g3 g6 54. Kc2 Kb5 55. Bc3 Ka4 56. Kb2 g5 57. a3 h4 58. gxh4 gxh4 59. Bd2 h3 60. Be1 Be7 61. Ka2 Bf6 62. Kb2 Bd8 63. Ka2 1/2-1/2

[Event "Turkey Cup 2019"]
[Site "Belek"]
[Date "2019.01.28"]
[Round "2.70"]
[White "Alagoz, Mahmut"]
[Black "Eren, Ataberk"]
[Result "0-1"]
[WhiteElo "1707"]
[BlackElo "2171"]
[Annotator "TA"]
[PlyCount "80"]
[EventDate "2019.01.27"]
[EventType "swiss"]
[EventCountry "TUR"]
[SourceTitle "playchess.com"]
[Source "ChessBase"]
[SourceQuality "1"]

1. d4 Nf6 2. Nf3 c5 3. d5 e6 4. c4 exd5 5. cxd5 d6 6. Nc3 g6 7. e4 Bg7 8. Bb5+ Nbd7 9. Bf4 a6 10. Bxd7+ Qxd7 11. O-O Nh5 12. Bg5 O-O 13. Qd2 b5 14. Bh6 b4 15. Ne2 Re8 16. Bxg7 Kxg7 17. Qc2 a5 18. Nd2 Ba6 19. Nc4 Bxc4 20. Qxc4 Qe7 21. f3 f5 22. Ng3 Nxg3 23. hxg3 fxe4 24. Rae1 e3 25. Re2 Qg5 26. f4 Qf6 27. f5 gxf5 28. g4 Re4 29. Qxe4 fxe4 30. Rxf6 Kxf6 31. Rxe3 Ke5 32. Rh3 Ra7 33. Rh5+ Kd4 34. Kf2 Kd3 35. Rh6 Kd2 36. Rxd6 e3+ 37. Kg3 e2 38. Re6 e1=Q+ 39. Rxe1 Kxe1 40. Kf4 c4 0-1

[Event "Turkey Cup 2019"]
[Site "Belek"]
[Date "2019.01.28"]
[Round "2.71"]
[White "Yelligedik, Murat"]
[Black "Acar, Kaan"]
[Result "1/2-1/2"]
[WhiteElo "2055"]
[BlackElo "1548"]
[Annotator "NA RC"]
[PlyCount "116"]
[EventDate "2019.01.27"]
[EventType "swiss"]
[EventCountry "TUR"]
[SourceTitle "playchess.com"]
[Source "ChessBase"]
[SourceQuality "1"]

1. e4 c5 2. Nf3 d6 3. d4 cxd4 4. Qxd4 Nc6 5. Bb5 Bd7 6. Bxc6 Bxc6 7. Nc3 Nf6 8. Bg5 e6 9. O-O-O Be7 10. Rhe1 Qc7 11. Kb1 a6 12. Qd2 O-O-O 13. Nd4 h6 14. Bh4 g5 15. Bg3 Nh5 16. f3 Nxg3 17. hxg3 h5 18. Qe3 Kb8 19. Nxc6+ Qxc6 20. Nd5 Bf8 21. Nf6 Rc8 22. c3 Be7 23. Qxg5 Rhg8 24. Qf4 Bxf6 25. Qxf6 Rxg3 26. Re2 Rcg8 27. Qxf7 Qb5 28. Red2 Rxg2 29. Qxe6 R8g6 30. Qh3 Rxd2 31. Rxd2 Rg1+ 32. Kc2 Qa4+ 33. Kd3 Qxa2 34. Qxh5 Qb1+ 35. Kc4 Qa2+ 36. Kd4 Re1 37. Qe8+ Kc7 38. Qe7+ Kc6 39. Qg5 Kc7 40. Qd5 Qa1 41. Qc4+ Kd7 42. Qb3 b5 43. Qf7+ Kc6 44. Qe8+ Kc7 45. Qf7+ Kc6 46. Qg8 Rd1 47. Qd5+ Kc7 48. Ke3 Rxd2 49. Qxd2 Qg1+ 50. Qf2 Qc1+ 51. Qd2 Qg1+ 52. Kd3 Qf1+ 53. Qe2 Qb1+ 54. Kd4 Qg1+ 55. Qe3 Qd1+ 56. Qd3 Qg1+ 57. Qe3 Qd1+ 58. Qd3 Qg1+ 1/2-1/2

[Event "Turkey Cup 2019"]
[Site "Belek"]
[Date "2019.01.28"]
[Round "2.72"]
[White "Kul, Ozdemir Efe"]
[Black "Kiyagan, Erhan"]
[Result "1-0"]
[WhiteElo "1998"]
[BlackElo "1714"]
[Annotator "NA"]
[PlyCount "61"]
[EventDate "2019.01.27"]
[EventType "swiss"]
[EventCountry "TUR"]
[SourceTitle "playchess.com"]
[Source "ChessBase"]
[SourceQuality "1"]

1. e4 e5 2. Nc3 Nc6 3. g3 Bc5 4. Bg2 Nge7 5. Nge2 O-O 6. Na4 Bb6 7. c4 Bd4 8. O-O d6 9. Nxd4 Nxd4 10. d3 Bd7 11. Nc3 Qc8 12. Be3 Nec6 13. Nd5 f5 14. b4 Qd8 15. b5 Na5 16. Qd2 Nab3 17. axb3 Nxb3 18. Qb4 Nxa1 19. Rxa1 c6 20. bxc6 bxc6 21. exf5 Bxf5 22. Nc3 Bxd3 23. Bxc6 Rb8 24. Nb5 Kh8 25. Rxa7 e4 26. Bd4 Rg8 27. Qb2 Qg5 28. h4 Qg4 29. Bd5 Qd1+ 30. Kh2 Qf3 31. Bxg7+ 1-0

[Event "Turkey Cup 2019"]
[Site "Belek"]
[Date "2019.01.28"]
[Round "2.73"]
[White "Ozkurt, Kutay"]
[Black "Baylav, Can"]
[Result "1/2-1/2"]
[WhiteElo "1586"]
[BlackElo "2108"]
[Annotator "TA"]
[PlyCount "39"]
[EventDate "2019.01.27"]
[EventType "swiss"]
[EventCountry "TUR"]
[SourceTitle "playchess.com"]
[Source "ChessBase"]
[SourceQuality "1"]

1. e4 c5 2. Nf3 d6 3. d4 cxd4 4. Qxd4 a6 5. Be2 Nc6 6. Qe3 Nf6 7. h3 g6 8. O-O Bg7 9. Rd1 Nd7 10. Nc3 O-O 11. b3 Nc5 12. Bb2 Qa5 13. a3 Qd8 14. b4 Nd7 15. Rab1 b5 16. Nd5 Bb7 17. c4 bxc4 18. Bxc4 Nce5 19. Nxe5 Nxe5 20. Bb3 1/2-1/2